Zaisťovacie stratégie

Vymedzenie pojmu zaisťovacie stratégie. Statické zaistenie. Zaisťovanie prostredníctvom futuritných kontraktov. Pojem báza a rozpätie. Zmeny cien futurít. Minimalizácia rizika pri zaisťovaní. Rolovanie futurít. Opčné stratégie.

Gespeichert in:
Bibliographische Detailangaben
1. Verfasser: Medveďová, Vladimíra
Format: Buchkapitel
Sprache:Slowakisch
Schlagworte:
Tags: Tag hinzufügen
Keine Tags, Fügen Sie das erste Tag hinzu!

MARC

LEADER 00000nla$a2200000$$$4500
001 0059245
005 20231121080731.7
041 0 |a slo 
044 |a SK 
245 1 0 |a Zaisťovacie stratégie  |c Vladimíra Medveďová 
520 |a Vymedzenie pojmu zaisťovacie stratégie. Statické zaistenie. Zaisťovanie prostredníctvom futuritných kontraktov. Pojem báza a rozpätie. Zmeny cien futurít. Minimalizácia rizika pri zaisťovaní. Rolovanie futurít. Opčné stratégie. 
610 2 0 |a futurity 
610 2 0 |a opcie 
610 2 0 |a hedging 
610 2 0 |a zaisťovatelia 
610 2 0 |a riziko finančné 
610 2 0 |a trh finančný 
100 1 |a Medveďová, Vladimíra